Olympischer Medaillenspiegel - Tokio 1964 - Statistiken

Allgemein
  • Dieses Quiz wurde 11 mal gespielt
  • Das Durchschnittsergebnis liegt bei 8 aus 10
Antwortstatistiken
Gold Silber Bronze Gesamt Land % Korrekt
1 8 6 15 Frankreich
100%
16 5 8 29 Japan
100%
30 31 35 96 Vereinigte Staaten
100%
36 26 28 90 Vereinigte Staaten
100%
6 2 10 18 Australien
90%
10 22 18 50 Deutschland
90%
10 10 7 27 Italien
90%
7 6 10 23 Polen
70%
4 12 2 18 Großbritannien
60%
10 7 5 22 Ungarn
40%
Keine übereinstimmenden Quizze gefunden
Verteilung der Resultate
Anzahl Personen mit jedem Resultat
Perzentil nach korrekt beantworteten Fragen
Ihre Resultats-Entwicklung
Sie haben dieses Quiz noch nicht gespielt